Markets (Record no. 84344)
[ view plain ]
| 000 -LEADER | |
|---|---|
| fixed length control field | 01250cab a22002415a 4500 |
| 001 - CONTROL NUMBER | |
| control field | L157351 |
| 008 - FIXED-LENGTH DATA ELEMENTS--GENERAL INFORMATION | |
| fixed length control field | 121030e2012 xxk 000 0 eng d |
| 035 ## - SYSTEM CONTROL NUMBER | |
| System control number | (Sirsi) u157351 |
| 041 0# - LANGUAGE CODE | |
| Language code of text/sound track or separate title | eng |
| 100 1# - MAIN ENTRY--PERSONAL NAME | |
| Personal name | Watson, Stuart |
| 245 00 - TITLE STATEMENT | |
| Title | Markets |
| Remainder of title | Herts, Beds, Bucks and Oxon |
| 260 ## - PUBLICATION, DISTRIBUTION, ETC. | |
| Date of publication, distribution, etc. | 2012 |
| 490 #0 - SERIES STATEMENT | |
| Series statement | Property Week |
| Volume/sequential designation | 78(43) 26 October 2012, 41-46(5) |
| 520 ## - SUMMARY, ETC. | |
| Summary, etc. | Provides an overview of recent commercial property activity in the region: Volkswagen Financial Services is poised to prelease a new HQ building in Milton Keynes (the town's biggest office prelet since 2010); Oxford's key regeneration projects at Barton West, Westgate, and Oxford Station/Oxpens; retail expansion at Milton Keynes shopping centres, Midsummer Place and Centre MK. White goods distributor Beko takes over Watford's Croxley Gateway office building. Logistics operators, Clipper and Prologis, expand sheds in Bedfordshire. Coplan Estates gears up for leisure-led, mixed-use scheme on the north bank of the River Ouse in Bedford. |
| 590 ## - LOCAL NOTE (RLIN) | |
| Local note | KA |
| 651 #4 - SUBJECT ADDED ENTRY--GEOGRAPHIC NAME | |
| Geographic name | Hertfordshire |
| 651 #4 - SUBJECT ADDED ENTRY--GEOGRAPHIC NAME | |
| Geographic name | Bedfordshire |
| 651 #4 - SUBJECT ADDED ENTRY--GEOGRAPHIC NAME | |
| Geographic name | Buckinghamshire |
| 651 #4 - SUBJECT ADDED ENTRY--GEOGRAPHIC NAME | |
| Geographic name | Oxfordshire |
| 690 ## - LOCAL SUBJECT ADDED ENTRY--TOPICAL TERM (OCLC, RLIN) | |
| Topical term or geographic name as entry element | Commercial property |
| 9 (RLIN) | 6227 |
| 690 ## - LOCAL SUBJECT ADDED ENTRY--TOPICAL TERM (OCLC, RLIN) | |
| Topical term or geographic name as entry element | Residential property |
| 9 (RLIN) | 6266 |
| 942 ## - ADDED ENTRY ELEMENTS (KOHA) | |
| Suppress in OPAC | 0 |
| Withdrawn status | Lost status | Source of classification or shelving scheme | Damaged status | Not for loan | Home library | Current library | Shelving location | Date acquired | Total Checkouts | Full call number | Barcode | Date last seen | Copy number | Price effective from | Koha item type |
|---|---|---|---|---|---|---|---|---|---|---|---|---|---|---|---|
| Dewey Decimal Classification | London | London | Journal article | 30/10/2012 | L157351 | 157351-1001 | 06/08/2019 | 1 | 06/08/2019 | Journal article |